000
00242nam a2200097Ia 4500
001
1199046
005
20250827021856.0
008
250824s9999 xx 000 0 und d
245
0
_a
VE AYNA KIRILDI
_c
AGATHA CHRISTIE
260
_b
ALTIN KİTAPLAR
999
_c
1199046
_d
1199046